000 00399nam a2200169Ia 4500
008 230917s9999||||xx |||||||||||||| ||und||
020 _cRS120
040 _e5889
_aMAIN
041 _aEnglish
082 _a327.51052 J199C
100 _aJain, R K
245 0 _aChina and Japan (1949-1980)
250 _a2nd ed.
260 _aNew Delhi
_bRadiant
_c1982
300 _axxiii, 340 p.
942 _cBK
999 _c221318
_d221318